书目信息 |
| 题名: |
预拌砂浆生产与工程应用
|
|
| 作者: | 曲烈, , 常留军 主编 | |
| 分册: | ||
| 出版信息: | 北京 中国建材工业出版社 2018.11 |
|
| 页数: | 266页 | |
| 开本: | 26cm | |
| 丛书名: | ||
| 单 册: | ||
| 中图分类: | TQ177.6 | |
| 科图分类: | ||
| 主题词: | 水泥砂浆--shui ni sha jiang--工业生产 , 水泥砂浆--shui ni sha jiang--应用 | |
| 电子资源: | ||
| ISBN: | 978-7-5160-2314-3 | |
| 000 | 00894nam0 2200253 450 | |
| 001 | 0100010030 | |
| 005 | 20190905093950.0 | |
| 010 | @a978-7-5160-2314-3@dCNY60.00 | |
| 100 | @a20190831d2018 em y0chiy50 ea | |
| 101 | 0 | @achi |
| 102 | @aCN@b110000 | |
| 105 | @aak z 000yy | |
| 106 | @ar | |
| 200 | 1 | @a预拌砂浆生产与工程应用@Ayu ban sha jiang sheng chan yu gong cheng ying yong@f主编曲烈, 常留军 |
| 210 | @a北京@c中国建材工业出版社@d2018.11 | |
| 215 | @a266页@c图@d26cm | |
| 330 | @a本书介绍了我国预拌砂浆产量大省 —— 河南、山东两省有关预拌砂浆的生产技术、管理经验与天津城建大学等研究机构的技术进展。 | |
| 606 | 0 | @a水泥砂浆@Ashui ni sha jiang@x工业生产 |
| 606 | 0 | @a水泥砂浆@Ashui ni sha jiang@x应用 |
| 690 | @aTQ177.6@v5 | |
| 701 | 0 | @a曲烈,@Aqu lie@f1958-@4主编 |
| 701 | 0 | @a常留军@Achang liu jun@4主编 |
| 801 | 0 | @aCN@c20190905 |
| 905 | @a河南城建学院图书馆@dTQ177.6@eQ785 | |
| 预拌砂浆生产与工程应用/主编曲烈, 常留军.-北京:中国建材工业出版社,2018.11 |
| 266页:图;26cm |
| ISBN 978-7-5160-2314-3:CNY60.00 |
| 本书介绍了我国预拌砂浆产量大省 —— 河南、山东两省有关预拌砂浆的生产技术、管理经验与天津城建大学等研究机构的技术进展。 |
| ● |
| 相关链接 |
|
|
|
正题名:预拌砂浆生产与工程应用
索取号:TQ177.6/Q785
 
预约/预借
| 序号 | 登录号 | 条形码 | 馆藏地/架位号 | 状态 | 备注 |
| 1 | 1437428 | 214374283 | 自科库501/501自科库 140排1列6层/ [索取号:TQ177.6/Q785] | 在馆 | |
| 2 | 1437429 | 214374292 | 自科库501/501自科库 140排1列6层/ [索取号:TQ177.6/Q785] | 在馆 |